Statistics for Hermitcraft Season 7: All Hermits

Click here to take the quiz!

General Stats

  • This quiz has been taken 190 times
  • The average score is 18 of 24

Answer Stats

Hermit% Correct
Grian
99%
MumboJumbo
96%
Iskall85
88%
GoodTimesWithScar
87%
ZombieCleo
87%
BdoubleO100
85%
FalseSymmetry
84%
StressMonster101
82%
XisumaVoid
82%
ImpulseSV
81%
TangoTek
80%
RenDog
78%
Docm77
76%
EthosLab
76%
Cubfan135
69%
Keralis
69%
iJevin
68%
ZedaphPlays
68%
VintageBeef
66%
TinFoilChef
65%
JoeHills
64%
Welsknight
64%
xBCrafted
63%
Hypnotizd
60%

Score Distribution

Percentile by Number Answered

Percent of People with Each Score

Your Score History

You have not taken this quiz